000 00838nac a22002171u 4500
008 120115s2007 uk|||||r|||| 00| 0 eng d
020 _a9781859649251
082 _a371.30281
_bMAN
_222
100 _aManning, Anthony
_928369
245 _apresentations/
_cAnthony manning & Elisabeth Wilding with jane Brook
_nModule 11
_pCourse book
260 _aLondon:
_bGarnet pub.,2007
_c2007
300 _a34 p.:
_bill.;
_c23 cm.
440 _auniversity foundation study
_928370
650 _apublic speaking
_928371
650 _aStudy skills
_928372
650 _aLife skills
_928373
700 _aWilding, Elisabeth
_928374
700 _aBrooks, Jane
_928375
942 _cNB
_k371.30281M2832
_2ddc
999 _c4823
_d4823